Les meilleurs buteurs de l'histoire de Liverpool - Statistiques

Statistiques générales
  • Ce quiz a été pris 179 fois
    46 depuis la dernière actualisation
  • Le résultat moyen est 4 sur 10
Statistiques - réponses
Buts Nationalité Joueur % Correct
245 Égypte Mohamed Salah
98%
186 Angleterre Steven Gerrard
80%
329 Pays de Galles Ian Rush
57%
172 Écosse Sir Kenny Dalglish
55%
158 Angleterre Michael Owen
50%
183 Angleterre Robbie Fowler
20%
228 Écosse Billy Liddell
2%
241 Angleterre Gordon Hodgson
2%
151 Angleterre Harry Chambers
2%
285 Angleterre Roger Hunt
2%
Aucun quiz correspondant
Distribution des résultats
% des personnes avec chaque résultat
Percentile par nombre de réponses
Votre historique - résultats
Vous n’avez pas pris ce quiz depuis la dernière actualisation